[Event "MGL-ch (Women) 45th"]
[Site "Ulaanbaatar"]
[Date "2013.04.08"]
[Round "6"]
[White "Uranchimeg, Nyamdorj"]
[Black "Ankhchimeg, Bayanmunkh"]
[Result "0-1"]
[WhiteElo "1717"]
[BlackElo "2164"]
[PlyCount "64"]
[EventDate "2013.04.06"]
[EventType "tourn"]
[EventRounds "13"]
[EventCountry "MGL"]
[SourceTitle "CBM 153 Extra"]
[Source "ChessBase"]
[SourceDate "2013.04.22"]
[SourceVersion "1"]
[SourceVersionDate "2013.04.22"]
[SourceQuality "1"]

1. e4 c5 2. Nf3 Nc6 3. Bb5 g6 4. 0-0 Bg7 5. c3 Nf6 6. Re1 0-0 7. d3 d6 8. Nbd2 Ne8 9. Nf1 Nc7 10. Ba4 b5 11. Bc2 Rb8 12. Rb1 e5 13. b4 a5 14. bxa5 b4 15. cxb4 cxb4 16. a3 Nb5 17. Qd2 bxa3 18. Ra1 Bg4 19. Bxa3 Bxf3 20. gxf3 Nbd4 21. Bd1 Nxa5 22. Qe3 Nab3 23. Rb1 h5 24. Bxb3 Nxb3 25. Nd2 Nd4 26. Rxb8 Qxb8 27. Rb1 Qd8 28. Bb2 Ne6 29. Kh1 Kh7 30. Nc4 Bh6 31. Qb6 Qf6 32. Kg2 Nf4+ 0-1